000 01812nab a22003017a 4500
999 _c5538
_d5538
003 OSt
005 20251215150456.0
008 190429b xxu||||| |||| 00| 0 spa d
040 _cPJ
100 _96519
_aBorzi Cirilli, Federico A.
245 1 0 _aJuicios por la verdad histórica :
_bel dilema entre la tutela judicial de la víctima y la irretroactividad de la ley penal más gravosa /
_cFederico A. Borzi Cirilli.
260 _cCiudad Autónoma de Buenos Aires :
_aThomson Reuters La Ley,
_b2025.
300 _ap. 90-99
500 _aCita: AR/DOC/183/2025.
505 _aSumario: I. Presentación del fallo.— II. Origen de la doctrina: la investigación de los delitos de lesa humanidad cometidos durante la última dictadura militar.— III. El sistema de prescripción de la acción penal y sus reformas.— IV. Los juicios por la verdad en la actualidad. El fallo comentado.— V. La redefinición del rol de la víctima. El surgimiento de responsabilidad estatal.— VI. Síntesis y conclusiones.
505 _tFallo comentado: Juzgado de Garantías Nro. 2 de Azul ~ 18/04/2024 ~ ..., J. C. s/ abuso sexual gravemente ultrajante y abuso sexual con acceso carnal agravado.
505 _tSi te interesa el texto completo, solicitalo a koha@justierradelfuego.gov.ar
650 0 _9343
_aDERECHO PENAL
650 0 _93047
_aVÍCTIMA DEL DELITO
650 0 _94958
_aRETROACTIVIDAD DE LA LEY
650 0 _92678
_aACCIÓN PENAL
650 0 _94057
_aEXTINCION DE LA ACCION PENAL
650 0 _93902
_aPRESCRIPCIÓN DE LA ACCIÓN PENAL
650 0 _92903
_aABUSO SEXUAL
650 0 _93637
_aTUTELA JUDICIAL EFECTIVA
773 0 _02658
_93164
_tRevista de derecho penal y criminología. Nº 2 - Marzo 2025
_dCiudad Autónoma de Buenos Aires : Thomson Reuters La Ley, 2017-
_x00347914
942 _2udc
_cANA